|
|
|
|
| LEADER |
00000nam0a2200000 4500 |
| 001 |
75704 |
| 005 |
20231031091017.0 |
| 035 |
|
|
|a (RuTPU)RU\TPU\book\80773
|
| 090 |
|
|
|a 75704
|
| 100 |
|
|
|a 20050331d2004 m y0gery50 ba
|
| 101 |
0 |
|
|a ger
|
| 102 |
|
|
|a DE
|
| 105 |
|
|
|a a j 000zy
|
| 200 |
1 |
|
|a Einfuhrung in das Praktikum
|h Teil 1: Grundpraktikum Inhaltsubersicht
|f Fakultat fur Maschinenbau
|
| 210 |
|
|
|a Karlsruhe
|c Universität
|d 2004
|
| 215 |
|
|
|a 82 p.
|c il.
|
| 610 |
1 |
|
|a машиностроение
|
| 610 |
1 |
|
|a практические занятия
|
| 610 |
1 |
|
|a учебные пособия
|
| 610 |
1 |
|
|a немецкий язык
|
| 675 |
|
|
|a 621.002(076)
|v 3
|
| 712 |
0 |
2 |
|a Fakultat fur Maschinenbau
|
| 801 |
|
1 |
|a RU
|b 63413507
|c 20050331
|g PSBO
|
| 801 |
|
2 |
|a RU
|b 63413507
|c 20050411
|g PSBO
|
| 942 |
|
|
|c BK
|